La Europa de los negocios (Record no. 189794)

MARC details
000 -LEADER
campo de control de longitud fija 01107nam a2200265 i 4500
001 - NÚMERO DE CONTROL
campo de control 189794
003 - IDENTIFICADOR DE NÚMERO DE CONTROL
campo de control ES-MaACL
005 - FECHA Y HORA DE LA ÚLTIMA TRANSACCIÓN
campo de control 20250817063137.0
008 - DATOS DE LONGITUD FIJA--INFORMACIÓN GENERAL
campo de control de longitud fija 191126s1968 sp |||| | spa d
100 1# - ENTRADA PRINCIPAL--NOMBRE DE PERSONA
Nombre de persona Meynaud, Jean.
9 (RLIN) 80816
245 13 - MENCIÓN DEL TÍTULO
Título La Europa de los negocios
Resto del título : estructura y funcion de los grupos /
Mención de responsabilidad, etc. Jean Maynaud, Dusan Sidjanski ; [versión de Juan Antonio Mercado, Pilar Llopart].
260 ## - PUBLICACIÓN, DISTRIBUCIÓN, ETC.
Lugar de publicación, distribución, etc. Barcelona :
Nombre del editor, distribuidor, etc. Instituto de Ciencias Sociales, Diputación Provincial,
Fecha de publicación, distribución, etc. 1968.
300 ## - DESCRIPCIÓN FÍSICA
Extensión XII 267 p. ;
Dimensiones 24 cm.
490 1# - MENCIÓN DE SERIE
Mención de serie Colección de ciencias sociales (Instituto de Ciencias Sociales, Barcelona) ;
Designación de volumen o secuencia 7
RLIN 241794
610 04 - PUNTO DE ACCESO ADICIONAL DE MATERIA--NOMBRE DE ENTIDAD CORPORATIVA
Nombre de entidad corporativa o nombre de jurisdicción como elemento de entrada Comunidad Económica Europea.
9 (RLIN) 3130
650 ## - PUNTO DE ACCESO ADICIONAL DE MATERIA--TÉRMINO DE MATERIA
Término de materia o nombre geográfico como elemento de entrada Grupos de presión.
9 (RLIN) 141650
700 1# - ENTRADA AGREGADA--NOMBRE PERSONAL
Nombre de persona Sidjan Dusan.
9 (RLIN) 168893
700 1# - ENTRADA AGREGADA--NOMBRE PERSONAL
Nombre de persona Mercado, Juan Antonio.
9 (RLIN) 168894
700 0# - ENTRADA AGREGADA--NOMBRE PERSONAL
Nombre de persona Llopart, Pilar.
9 (RLIN) 72821
710 0# - ENTRADA AGREGADA--NOMBRE DE ENTIDAD CORPORATIVA
Nombre de entidad corporativa o nombre de jurisdicción como elemento de entrada Instituto de Ciencias Sociales (Barcelona)
9 (RLIN) 4842
830 #0 - PUNTO DE ACCESO ADICIONAL DE SERIE-TÍTULO UNIFORME
Título uniforme Colección de ciencias sociales (Instituto de Ciencias Sociales, Barcelona) ;
Designación de volumen o secuencia 7
9 (RLIN) 241794
852 ## - LOCALIZACIÓN
Ubicación ES-MaACL
Número de control de estantería P-1087-5
942 ## - ELEMENTOS DE ENTRADA SECUNDARIOS (KOHA)
Fuente del sistema de clasificación o colocación Clasificación decimal universal
Holdings
Estatus retirado Estado de pérdida Estado de daño No para préstamo Biblioteca de origen Biblioteca actual Ubicación en estantería Fecha de adquisición Fuente de adquisición Total de préstamos Signatura topográfica completa Código de barras Visto por última vez Precio de reemplazo Tipo de ítem Koha
        Biblioteca del Ateneo de Madrid Biblioteca del Ateneo de Madrid Depósito 2 26/11/2019     P-1087-5 1201303 23/02/2023 23/02/2023 Libro impreso